1500 Metres World Leads by Year - Statistics

General Stats
  • This quiz has been taken 33 times
  • The average score is 13 of 84
Answer Stats
Year Men Time Country % Correct
2003 Hicham El Guerrouj 3:28.40 Morocco
80%
1986 Sebastian Coe 3:29.77 United Kingdom
70%
1979 Sebastian Coe 3:32.03 United Kingdom
70%
1988 Steve Cram 3:30.95 United Kingdom
70%
1983 Steve Ovett 3:30.77 United Kingdom
70%
1981 Steve Ovett 3:31.57 United Kingdom
70%
2016 Asbel Kiprop 3:29.33 Kenya
50%
2013 Asbel Kiprop 3:27.72 Kenya
50%
2015 Genzebe Dibaba 3:50.07 Ethiopia
50%
1995 Noureddine Morceli 3:27.37 Algeria
50%
2013 Abeba Aregawi 3:56.60 Sweden
40%
2005 Bernard Lagat 3:29.30 United States
40%
1998 Gabriela Szabo 3:56.97 Romania
40%
2017 Sifan Hassan 3:56.14 Netherlands
40%
1995 Sonia O'Sullivan 3:58.85 Ireland
40%
2004 Kelly Holmes 3:57.90 United Kingdom
30%
2016 Laura Muir 3:55.22 United Kingdom
30%
2009 Maryam Yusuf Jamal 3:56.55 Bahrain
30%
2007 Maryam Yusuf Jamal 3:58.75 Bahrain
30%
2005 Maryam Yusuf Jamal 3:56.79 Bahrain
30%
1987 Saïd Aouita 3:30.69 Morocco
30%
1985 Saïd Aouita 3:29.46 Morocco
30%
1989 Abdi Bile 3:32.60 Somalia
20%
1990 Doina Melinte 3:58.69 Romania
20%
1997 Jiang Bo 3:50.98 China
20%
1977 John Walker 3:32.72 New Zealand
20%
1972 Pekka Vasala 3:36.33 Finland
20%
2014 Silas Kiplagat 3:27.64 Kenya
20%
2010 Silas Kiplagat 3:29.27 Kenya
20%
1996 Svetlana Masterkova 3:56.77 Russia
20%
1978 David Moorcroft 3:35.48 United Kingdom
10%
2017 Elijah Manangoi 3:28.80 Kenya
10%
1974 Filbert Bayi 3:32.16 Tanzania
10%
1974 Gunhild Hoffmeister 4:02.25 East Germany
10%
1992 Hassiba Boulmerka 3:55.30 Algeria
10%
1989 Paula Ivan 3:59.23 Romania
10%
1993 Qu Yunxia 3:50.46 China
10%
2003 Süreyya Ayhan 3:55.33 Turkey
10%
1982 Sydney Maree 3:32.12 United States
10%
1980 Tatyana Kazankina 3:52.47 Soviet Union
10%
2007 Alan Webb 3:30.54 United States
0%
2010 Anna Alminova 3:57.65 Russia
0%
2015 Asbel Kiprop 3:26.69 Kenya
0%
2012 Asbel Kiprop 3:28.88 Kenya
0%
2011 Asbel Kiprop 3:30.46 Kenya
0%
2009 Augustine Kiprogo Choge 3:29.47 Kenya
0%
2004 Bernard Lagat 3:27.40 Kenya
0%
2008 Daniel Kipchirchir Komen 3:31.49 Kenya
0%
2006 Daniel Kipchirchir Komen 3:29.02 Kenya
0%
2008 Gelete Burka 3:59.75 Ethiopia
0%
2014 Genzebe Dibaba 3:55.17 Ethiopia
0%
1978 Giana Romanova 3:59.01 Soviet Union
0%
2002 Hicham El Guerrouj 3:26.89 Morocco
0%
2001 Hicham El Guerrouj 3:26.12 Morocco
0%
2000 Hicham El Guerrouj 3:27.21 Morocco
0%
1999 Hicham El Guerrouj 3:27.65 Morocco
0%
1998 Hicham El Guerrouj 3:26.00 Morocco
0%
1997 Hicham El Guerrouj 3:28.81 Morocco
0%
1996 Hicham El Guerrouj 3:29.05 Morocco
0%
1976 John Walker 3:44.19 New Zealand
0%
2012 Mariem Alaoui Selsouli 3:56.15 Morocco
0%
1985 Mary Slaney 3:57.24 United States
0%
1983 Mary Slaney 3:57.12 United States
0%
2011 Morgan Ulceny 4:00.06 United States
0%
1984 Nadezhda Ralldugina 3:56.63 Soviet Union
0%
1977 Natalia Maresescu 4:02.65 Romania
0%
1991 Natalya Artyomova 3:59.16 Russia
0%
1994 Noureddine Morceli 3:30.61 Algeria
0%
1993 Noureddine Morceli 3:29.20 Algeria
0%
1992 Noureddine Morceli 3:28.86 Algeria
0%
1991 Noureddine Morceli 3:31.00 Algeria
0%
1990 Noureddine Morceli 3:32.60 Algeria
0%
1982 Olga Dvirna 3:54.23 Soviet Union
0%
1981 Olga Dvirna 3:57.78 Soviet Union
0%
1988 Paula Ivan 3:53.96 Romania
0%
1984 Saïd Aouita 3:31.54 Morocco
0%
1994 Sonia O'Sullivan 3:59.10 Ireland
0%
1980 Steve Ovett 3:31.36 United Kingdom
0%
2002 Süreyya Ayhan 3:57.75 Turkey
0%
2000 Suzy Favor-Hamilton 3:57.40 United States
0%
1987 Tatyana Dorovskikh 3:58.56 Soviet Union
0%
2001 Violeta Szekely 3:59.35 Romania
0%
1999 Violeta Szekely 3:59.31 Romania
0%
2006 Yuliya Formenko 3:55.68 Russia
0%
No matching quizzes found
Score Distribution
Percent of People with Each Score
Percentile by Number Answered
Your Score History
You have not taken this quiz